00443cam a2200157ua 45000010005000000080039000050400009000440820013000531000039000662450057001052500009001622600053001713000017002246530019002416530025002602743110907n ii |||gr||||Z||||||asm cMAIN a891.45121 aBardoloi, Nirmal prabha,eEditor.,11aShishu geeti natya ced. by Nirmal prabha Bardoloi  a1st. aGuahati:bSecretary publication board assam,981. a130p:c23cm. aAssamese drama aShishu geeti natya